70 años de periodismo en Colombia / (Registro nro. 6669)
[ vista simple ]
| 000 -LEADER | |
|---|---|
| fixed length control field | 01402nam a2200265Ia 4500 |
| 003 - CONTROL NUMBER IDENTIFIER | |
| control field | OSt |
| 005 - DATE AND TIME OF LATEST TRANSACTION | |
| control field | 20200330171522.0 |
| 008 - FIXED-LENGTH DATA ELEMENTS--GENERAL INFORMATION | |
| fixed length control field | 191128s2015 ck ao gr 000 0 spa d |
| 040 ## - CATALOGING SOURCE | |
| Original cataloging agency | CO-JMCR |
| Transcribing agency | CO-JMCR |
| 082 04 - DEWEY DECIMAL CLASSIFICATION NUMBER | |
| Classification number | 070.4 / |
| Item number | D674s |
| 100 1# - MAIN ENTRY--PERSONAL NAME | |
| Personal name | Donadio, Alberto, |
| Relator term | autor |
| 9 (RLIN) | 118 |
| 245 #0 - TITLE STATEMENT | |
| Title | 70 años de periodismo en Colombia / |
| Statement of responsibility, etc. | Alberto Donadio, Javier Darío Restrepo, Maryluz Vallejo, Mario Morales, María Teresa Herrán [y otros 12] |
| 250 ## - EDITION STATEMENT | |
| Edition statement | Primera edición |
| 260 ## - PUBLICATION, DISTRIBUTION, ETC. | |
| Place of publication, distribution, etc. | Bogotá : |
| Name of publisher, distributor, etc. | Círculo de Periodistas de Bogotá, Proyectos Semana, |
| Date of publication, distribution, etc. | 2015 |
| 300 ## - PHYSICAL DESCRIPTION | |
| Extent | 170 páginas : |
| Other physical details | fotografías a color ; |
| Dimensions | 30 cm. |
| 505 ## - FORMATTED CONTENTS NOTE | |
| Formatted contents note | 70 años de evolución -- Censuras y autocensuras -- Orígenes de la convergencia -- Su desarrollo en Colombia -- De 'columna' a género interpretativo -- 70 años de cubrimientos dolorosos -- Historias de reporteros que hicieron historia |
| 520 ## - SUMMARY, ETC. | |
| Summary, etc. | La conmemoración de los 70 años de vida del Círculo de Peridiodistas de Bogotá, CPB, se constiturye como una valiosa fuente de la historia del periodismo en la capital y del oficio en Colombia, teniendo en cuenta por nuestra institución. |
| 546 ## - LANGUAGE NOTE | |
| Language note | spa |
| 650 14 - SUBJECT ADDED ENTRY--TOPICAL TERM | |
| Topical term or geographic name entry element | Periodismo |
| General subdivision | Colombia |
| 9 (RLIN) | 2227 |
| 650 24 - SUBJECT ADDED ENTRY--TOPICAL TERM | |
| Topical term or geographic name entry element | Historia |
| General subdivision | Colombia |
| 9 (RLIN) | 2228 |
| 700 1# - ADDED ENTRY--PERSONAL NAME | |
| Personal name | Restrepo, Javier Darío, |
| Relator term | autor |
| 9 (RLIN) | 2229 |
| 700 1# - ADDED ENTRY--PERSONAL NAME | |
| Personal name | Vallejo, Maryluz |
| Relator term | autor |
| 9 (RLIN) | 2230 |
| 700 1# - ADDED ENTRY--PERSONAL NAME | |
| Personal name | Morales, Mario, |
| Relator term | autor |
| 9 (RLIN) | 2231 |
| 942 ## - ADDED ENTRY ELEMENTS (KOHA) | |
| Source of classification or shelving scheme | Dewey Decimal Classification |
| Koha item type | Books |
| Withdrawn status | Lost status | Source of classification or shelving scheme | Damaged status | Not for loan | Home library | Current library | Shelving location | Date acquired | Source of acquisition | Cost, normal purchase price | Total Checkouts | Full call number | Barcode | Date last seen | Date last checked out | Copy number | Price effective from | Koha item type |
|---|---|---|---|---|---|---|---|---|---|---|---|---|---|---|---|---|---|---|
| Dewey Decimal Classification | Biblioteca Pública José María del Castillo y Rada | Biblioteca Pública José María del Castillo y Rada | General Stacks | 01/01/2017 | Donación | 0.00 | 1 | 070.4 / D674s | 430012354 | 07/25/2025 | 07/24/2025 | Ej.1 | 03/30/2020 | Books |